[Event "Moscow Tal Memorial 7th"]
[Site "Moscow"]
[Date "2012.06.14"]
[Round "6"]
[White "Caruana, Fabiano"]
[Black "McShane, Luke J"]
[Result "1-0"]
[WhiteElo "2770"]
[BlackElo "2706"]
[Annotator "Likavsky,T"]
[PlyCount "133"]
[EventDate "2012.06.08"]
[EventType "tourn"]
[EventRounds "9"]
[EventCountry "RUS"]
[EventCategory "22"]
[SourceTitle "CBM 149"]
[Source "ChessBase"]
[SourceDate "2012.07.17"]
[SourceVersion "1"]
[SourceVersionDate "2012.07.17"]
[SourceQuality "1"]

1. d4 Nf6 2. c4 d6 {This is an attempt to play the King's Indian Defence and
avoid some lines, e.g. the Sämisch System (and play KID Classical System) or
to play some side lines.} 3. Nc3 $1 {Allows e7-e5, but restrics other
possibilities.} ({After} 3. Nf3 g6 {we can see the sense of the try.} 4. Nc3
Bg7 (4... Bf5 {is one of the side lines.})) 3... e5 ({Black doesn't want to
"return to Earth"} 3... g6 $1 4. e4 Bg7 {and enable Fabiano to use his weapons:
} 5. f3 ({or} 5. Bd3)) 4. Nf3 e4 (4... Nbd7 5. e4 (5. Bg5 $5) (5. g3 $5) 5...
g6 {could be still a variation from KID Classiclal, but not the principal one.}
(5... Be7)) 5. Nd2 Qe7 6. Nb3 Bf5 $6 ({More logical is} 6... h6 {which Luke
played just one round ago in the same tournament, beause here after} 7. g3 {
White's pawn structure is not so perfect "French" as in the game.} g6 8. Bg2
Bg7 9. h3 O-O 10. Be3 c6 11. Qd2 Kh7 12. g4 d5 13. g5 hxg5 14. Bxg5 Qd6 15. c5
Qe6 {1/2 Tomashevsky,E (2738)-McShane,L (2706)/Moscow RUS 2012/The Week in
Chess 919 (48)}) 7. Bg5 $1 Nbd7 8. e3 $14 {[%csl Gc4,Gd4,Ge3,Gf2,Gg5] /+/- A
rock solid French pawn chain and the bishop is actively placed on g5. If we
compare all the similar lines from the French Defence (reversed colours), the
conclusion is that White is at least slightly better.} h6 9. Bh4 g5 {This is
necessary.} (9... g6 $6 {[%cal Yc3d5,Yh4e7]} 10. Be2 $5 {[%csl Rf5][%cal Gg2g4]
}) 10. Bg3 a6 (10... Bg7 $2 11. Nb5 Nb6 (11... Nf8 12. c5) 12. c5 $40) 11. Na5
$1 Rb8 12. b4 $1 {A standard queenside approach.} Bg7 13. Be2 (13. Rc1 $1 O-O (
13... Nb6 14. c5 Nbd5 15. Nxd5 Nxd5 16. Bxa6 $1) 14. c5 {[%csl Yc1,Rc7,Rd6,Yg3]
}) (13. c5 $2 dxc5 14. bxc5 Nxc5 $1 15. dxc5 Qxc5 {[%cal Gc5c3,Gc5a5]} 16. Qa4+
Nd7 $1 17. Nxe4 Bc3+ $1 18. Ke2 Qxa5 19. Nxc3 Qxc3 $132) 13... O-O 14. Rb1 {
[%csl Ya5,Yb1,Rb7,Rc6][%cal Gb4b5] We can see that White has many pleasant
choices on the queenside.} (14. Rc1 $5 {[%cal Gc4c5]} Nb6 $1 15. c5 $6 dxc5 16.
bxc5 Nbd5 $14) 14... Bg6 15. h4 $1 ({Simpler is maybe} 15. b5 $5 axb5 16. Rxb5
$36) 15... g4 $1 16. h5 (16. Bxg4 {McShane} Nxg4 17. Qxg4 Nf6 18. Qd1 (18. Qe2
$5 Nh5 19. O-O Nxg3 20. fxg3 c6 $14) 18... Nh5 19. Ne2 Nxg3 20. Nxg3 c5 $132) (
16. b5 $5 Qe6 (16... Qd8 17. Rb3 $5 $16 {[%cal Gb5a6,Ga5c6]}) 17. h5 $1 Bh7 (
17... Bxh5 18. Rxh5 $1) (17... Bf5 18. Nd5 $1) 18. bxa6 bxa6 19. Nc6 $16) 16...
Bxh5 (16... Nxh5 $2 17. Bh4 $1) 17. b5 axb5 (17... Qe8 18. Bf4 $1 $36 {[%csl
Rg8,Rh6]}) 18. Rxb5 Bg6 19. Nxb7 Rfc8 20. Na5 $6 (20. Bxg4 $5 $16 Nxg4 21. Qxg4
Nf6 22. Qe2 Qd7 23. O-O $1 c6 24. Nc5 $1) 20... Ra8 21. Nc6 Qe8 {White has not
taken advantage of his best opportunities and the situation has changed a bit.
He is still better, but it's not so easy to break through.} 22. a4 Nf8 $6 (
22... Ra6 23. Nb4 Ra7 {[%cal Gc7c6,Yc7c5]}) 23. Nd5 $1 Nxd5 24. cxd5 f5 25. a5
(25. Bh4 $1 {was stronger:} Kh7 26. Ne7 $5 (26. Qc2 $5 {[%cal Gc6e7]}) 26...
Rcb8 27. Qc2 {[%cal Gc2c7] White can combine his play on both flanks, but also
press on c7.} Qd7 28. Rxb8 Rxb8 29. O-O {[%cal Ge2b5]} (29. Bb5 Rxb5 $1)) 25...
Bf7 26. Qc2 Ng6 $1 {[%cal Yf5f4,Yh6h5,Gg6e7] Now Black obtains some marks of
counterplay. Primarily he plans to exchange the knights via e7.} 27. Bh4 {
White stops that idea, but permits a counter-plan.} Nxh4 28. Rxh4 h5 29. g3 Bf6
30. Rh1 h4 $1 $132 31. gxh4 Kh8 32. Kd2 Qg8 33. Bc4 g3 34. Rg1 (34. fxg3 $5
Qxg3 35. Rf1 $14) 34... g2 $13 {/=} 35. Kc3 Bxh4 36. Qe2 Qg5 37. Rb2 Bh5 $2
$138 (37... Rg8 38. Qc2 (38. a6 $6 f4) 38... Bg6 39. Qd2 (39. a6 f4) 39... Qg4
40. a6 $11) 38. Rxg2 $1 Bxe2 39. Rxg5 Bxg5 40. Rxe2 {White is a piece up now
in fact. The pawn on a7 will cost Black a rook.} (40. Bxe2 $1 Bh4 41. Bc4 Rg8
42. a6 Rg2 43. a7 Kg7 44. Rb8 Rxa7 45. Nxa7 Bxf2 46. Rb7 $18) 40... Kg7 41. a6
Rh8 42. a7 Rh1 {[%cal Gh1a1]} 43. Kb2 $1 Bh4 44. Rc2 $5 (44. Ba6 Rh2 45. Bb7
Rxa7 46. Nxa7 Rxf2 47. Rc2 $16) 44... Kf6 (44... Rh2 $2 45. f4 $1) (44... f4 $1
) 45. Ba6 Kg5 46. Bb7 Rxa7 47. Nxa7 Rf1 48. Nc6 Rxf2 49. Na5 f4 50. Nc4 Rxc2+
$6 (50... Kg4 $1 $14 51. exf4 Kxf4 (51... Kf3 52. Rxf2+ Bxf2 53. Nd2+ $1 Kxf4
54. Nb3) 52. Rxf2+ Bxf2 53. Kc3 Be1+ 54. Kc2 Bf2 55. Kd2 Bxd4 56. Ke2) 51. Kxc2
fxe3 $4 (51... Kg4 $1 52. exf4 Bf2 53. Nd2 Kxf4 54. Nb3 Kf3 55. Ba6 Bh4 56. Bb5
Be1 $14 (56... Ke3 57. Kc3 Bf6)) 52. Nxe3 $18 Bf2 53. Kd2 Kf4 54. Nc2 Kf3 55.
Ba6 Bh4 (55... e3+ 56. Kd3 e2 57. Kd2 e1=Q+ 58. Nxe1+ Bxe1+ 59. Kxe1 Ke4 60.
Bb7) 56. Be2+ Kf2 57. Bh5 Bg5+ 58. Kc3 Bf6 59. Na3 Ke3 60. Nb5 Bh4 61. Nxc7
Be1+ 62. Kc4 Kd2 63. Nb5 e3 64. Nxd6 e2 65. Nf7 Bf2 66. Bxe2 Kxe2 67. d6 1-0

[Event "Moscow Tal Memorial 7th"]
[Site "Moscow"]
[Date "2012.06.13"]
[Round "5"]
[White "Tomashevsky, Evgeny"]
[Black "McShane, Luke J"]
[Result "1/2-1/2"]
[WhiteElo "2738"]
[BlackElo "2706"]
[Annotator "Marin,M"]
[PlyCount "95"]
[EventDate "2012.06.08"]
[EventType "tourn"]
[EventRounds "9"]
[EventCountry "RUS"]
[EventCategory "22"]
[SourceTitle "CBM 149"]
[Source "ChessBase"]
[SourceDate "2012.07.17"]
[SourceVersion "1"]
[SourceVersionDate "2012.07.17"]
[SourceQuality "1"]

1. d4 Nf6 2. c4 d6 3. Nc3 e5 {A courageous decision at such a high level.
There are a lot of theoretical problems in this line for Black.} 4. Nf3 (4.
dxe5 dxe5 5. Qxd8+ Kxd8 6. Nf3 {is supposed to be slightly unpleasant for
Black, too.}) 4... e4 $5 (4... Nbd7 {would lead to the Old Indian Defence.
Black could have done it with 3...Nbd7, avoiding the 4.dxe5 lines.}) 5. Nd2 (5.
Ng5 {Moiseenko,A (2664)-Lopez Martinez,J (2507)/Gothenburg 2005/CBM 109/
[Meulders] (1-0, 22)}) 5... Qe7 6. Nb3 {This is not the most popular
continuation, but McShane had to face it twice during the Tal Memorial. White
intends to develop his bishop outside the pawn wall. The only open question is
whether White will be able to activate his b3-knight.} (6. e3 {Sokolov,I (2550)
-Gheorghiu,F (2500)/Kavala 1990/CBM 021/[Ribli] (1-0, 40)}) 6... h6 {
Preventing Bg5, which would weaken Black's control over the e4- and d5-squares.
} (6... c6 {looks too passive:} 7. Bg5 Bf5 8. e3 Nbd7 9. Be2 (9. h4 h6 10. Bf4
Qd8 11. Be2 h5 12. d5 c5 13. Nd2 a6 14. a4 Qe7 15. Qb3 $14 {Kortschnoj,V (2561)
-Cherniaev,A (2428)/London 2009/CBM 131 Extra (0-1, 59)}) 9... Qd8 10. g4 Bg6
11. h4 h6 12. Bf4 d5 13. Nd2 Nb6 14. Qb3 $14 {Graf,A (2605)-Dizdarevic,E (2502)
/Skopje 2002/CBM 088/[Meulders] (1-0, 34)}) ({One round later, McShane
deviated with} 6... Bf5 7. Bg5 Nbd7 8. e3 h6 9. Bh4 g5 10. Bg3 a6 11. Na5 Rb8
12. b4 $14 {Caruana,F (2770)-McShane,L (2706) Moscow 2012 CBM 149 [Likavsky,T]
(1-0, 67). White has fully justified Nd2-b3 and has a pleasant position.}) 7.
g3 {White makes some kingside developing moves before defining his intentions
regarding the c1-bishop.} ({The more natural} 7. Bf4 g6 8. e3 {eventually
leads to very interesting play with both players having castled on opposite
sides:} Bg7 9. Be2 O-O 10. Qc2 Re8 11. O-O-O a6 12. Kb1 Nc6 13. a3 Bd7 14. h4
Rab8 15. Nd5 Qd8 16. Nxf6+ Qxf6 17. g4 Qe7 18. f3 b5 19. cxb5 exf3 20. Bxf3
Rxb5 21. Rd3 Reb8 $132 {Iotov,V (2493)-Garcia Castro,P (2336)/Vilagarcia de
Arousa 2006/CBM 113 ext (0-1, 44)}) 7... g6 (7... a5 {this is slightly
pointless.} 8. Bg2 Bf5 ({The problem is that Black has not enough development
to embark on such active play:} 8... a4 9. Nd2 e3 10. fxe3 Qxe3 $2 11. Nde4 $18
) 9. Be3 Nbd7 10. h3 d5 11. c5 $6 (11. cxd5 $1 $14) 11... c6 12. Na4 b5 13.
cxb6 Qb4+ 14. Nd2 Nxb6 $132 {Candela Perez,J (2365)-Galego,L (2435)/La Coruna
1996/EXT 1997 (0-1, 31)}) 8. Bg2 Bg7 9. h3 $146 {White decides to refrain from
castling short and prepares the development of the queenside, with possible
long castling.} (9. O-O O-O 10. h3 c6 11. d5 c5 12. Be3 Nbd7 13. Nd2 $14 {
Wong Chee Chung-Koh Kum Hong (2250)/Singapore 1998/EXT 2000 (1-0, 30)}) 9...
O-O 10. Be3 c6 11. Qd2 Kh7 12. g4 {This looks premature.} ({White could
prevent the safe defence of the e4-pawn with} 12. d5 $5) 12... d5 {Now Black
is solid in the centre and the kingside attack does not look so dangerous.} 13.
g5 hxg5 14. Bxg5 Qd6 {Unpinning the knight in order to be able to meet h3-h4
with ...Nh5.} 15. c5 Qe6 16. f3 {White wants to justify the bishop's presence
at g2 as soon as possible. In doing so, he neglects the problem of his king.} (
16. O-O-O {was an important alternative, possibly followed by h4 and Bh3.})
16... b5 {By creating the threat ...b5-b4, Black starts fighting for the
e4-square.} 17. e3 Nbd7 (17... b4 {looks more consequent:} 18. Ne2 exf3 19.
Bxf3 a5 20. Ng3 a4 21. Nc1 a3 22. b3 Ne4 $132) 18. h4 b4 19. Ne2 Nh5 $6 ({
And here he could have fought for the e4-square with} 19... exf3 20. Bxf3 Ne4
21. Qxb4 Ndf6 $44) 20. Bh3 $6 {"Forcing Black to consolidate."} (20. fxe4 dxe4
21. Nf4 Nxf4 22. Bxf4 {would have been stronger.} Nf6 23. Na5 (23. Qxb4 Nd5)
23... Rh8 (23... Nd5 {fails to cause troubles on e3:} 24. Bd6 Re8 25. h5 Bh6 {
This is ineffective since the bishop will come under an indirect pin.} 26. Bh3
f5 27. hxg6+ Qxg6 28. O-O-O $16) 24. h5 Nxh5 25. Bd6 $14 {[%csl Gb4,Gc6][%cal
Ge1c1]}) 20... f5 21. fxe4 dxe4 22. Nf4 Nxf4 23. Bxf4 Nf6 24. Bf1 {Admitting
the previous mistake. The bishop had nothing to do on h3.} a5 25. Nc1 ({
The last chance for active play would have been:} 25. h5 $5 Nxh5 26. Be2 $44)
25... Nh5 $1 {Black's position is at least not worse now.} 26. Ne2 Ba6 27. Bd6
Bh6 $5 28. Nf4 ({After grabbing the exchange with} 28. Bxf8 Rxf8 {/\...Bd3, ...
f4, White would have had problems maintaining his stability.} 29. d5 $5 {
This may have been the best chance to stay in the game, but Black should be
absolutely fine after} Qxd5 30. Qxd5 cxd5 $44) 28... Bxf4 29. Bxf4 Nxf4 30.
Bxa6 (30. exf4 e3 $17) 30... Nh5 31. Be2 {Things have gone wrong for White,
and Black can choose between several tempting continuations. Sometimes, this
can be a practical problem, especially with little time left.} Ng3 (31... f4
32. Bxh5 gxh5 33. exf4 Qg4 34. Qe2 Rxf4 $15) 32. Rg1 f4 33. exf4 e3 34. Qd3
Nxe2 35. Qxe2 Rxf4 36. h5 $8 Rxd4 $6 (36... g5 $5 $17 37. Rxg5 Raf8 $40) 37.
Rd1 Rxd1+ 38. Qxd1 g5 39. Rxg5 Qf6 40. Qd3+ Kh8 41. Qxe3 Qxb2 42. Rg6 ({
White already avoids a drawish rook ending:} 42. Qe5+ Qxe5+ 43. Rxe5 $11) 42...
Qa1+ 43. Kf2 Rf8+ 44. Kg3 Qc3 45. Rh6+ {The best choice.} ({After} 45. Qxc3+
bxc3 {the pawn would be too dangerous. If} 46. Re6 Rf5 {only Black can be
better.}) 45... Kg7 46. Rg6+ Kh7 47. Rh6+ Kg7 48. Rg6+ 1/2-1/2

[Event "Berga op"]
[Site "Berga"]
[Date "1995.??.??"]
[Round "3"]
[White "Marin, Mihail"]
[Black "Fernandez Aguado, Juan Luis"]
[Result "1-0"]
[WhiteElo "2520"]
[BlackElo "2315"]
[Annotator "Marin,M"]
[PlyCount "53"]
[EventDate "1995.??.??"]
[EventType "swiss"]
[EventRounds "9"]
[EventCountry "ESP"]
[SourceTitle "EXT 1997"]
[Source "ChessBase"]
[SourceDate "1996.11.15"]
[SourceVersion "1"]
[SourceVersionDate "1996.11.15"]
[SourceQuality "1"]

1. c4 e5 2. g3 Nf6 3. Bg2 Be7 4. Nc3 O-O 5. Nf3 d6 6. d4 Nbd7 7. O-O a6 8. Qc2
Rb8 9. Rd1 Qe8 10. b3 b5 11. Nd5 Bd8 12. dxe5 dxe5 13. Ba3 c5 14. e4 Nxd5 15.
cxd5 Bb6 16. Bb2 Bb7 17. a4 c4 18. bxc4 b4 19. Bh3 f5 20. Bxf5 Rc8 (20... Nc5
21. Nxe5 g6 22. Ng4 h5 23. Qd2 hxg4 24. Qh6 $18) 21. Qe2 Rd8 22. a5 Bc5 23. Rf1
Bc8 24. Ng5 Rxf5 25. exf5 Bd6 26. Ne6 Nc5 27. Bxe5 1-0

[Event "Bundesliga 0405"]
[Site "Germany"]
[Date "2004.11.27"]
[Round "3.4"]
[White "Braun, Arik"]
[Black "Casper, Thomas"]
[Result "1/2-1/2"]
[WhiteElo "2480"]
[BlackElo "2412"]
[Annotator "Meulders,R"]
[PlyCount "97"]
[EventDate "2004.11.12"]
[EventType "team-tourn"]
[EventRounds "15"]
[EventCountry "GER"]
[SourceTitle "CBM 105"]
[Source "ChessBase"]
[SourceDate "2005.04.11"]
[SourceVersion "1"]
[SourceVersionDate "2005.04.11"]
[SourceQuality "1"]
[WhiteTeam "Eppingen"]
[BlackTeam "Erfurt"]
[WhiteTeamCountry "GER"]
[BlackTeamCountry "GER"]

1. d4 Nf6 2. c4 d6 3. Nc3 Nbd7 4. Nf3 e5 5. Bg5 Be7 6. e3 c6 7. Qc2 h6 8. Bh4
Nh5 {So entledigt sich Schwarz von seinem schlechten Läufer.} 9. Bxe7 Qxe7 10.
O-O-O (10. Be2 Nhf6 11. O-O O-O 12. Rad1 (12. e4 Re8 (12... exd4) 13. Rfe1 Nf8
14. d5 c5 15. a3 Nh5 (15... Ng6 16. b4 Bd7 17. bxc5 dxc5 $14 {[%csl Gd5]}) 16.
g3 Bg4 $2 (16... Ng6 $1) 17. Nh4 $1 Bxe2 18. Nf5 $1 $16 {1-0 Avrukh,
B-Bieluczyk,B/Bled 2002 (26)}) 12... Re8 13. h3 Nf8 14. c5 dxc5 15. dxe5 N6d7
16. Ne4 Nxe5 17. Nd6 Nxf3+ 18. Bxf3 Rd8 19. Qxc5 Be6 20. b3 $14 {1/2-1/2 Knaak,
R-Cifuentes Parada,R/Wijk aan Zee 1988 (54)}) 10... Nhf6 11. Bd3 (11. g4 Nb6
12. dxe5 dxe5 13. h3 O-O 14. Rg1 Be6 15. Nxe5 Qc5 16. Nd3 Qxc4 17. Nf4 $14 {
1/2-1/2 Dautov,R-Serper,G/Tbilisi 1989 (52)}) (11. h3 a6 12. g4 b5 13. Rg1 Bb7
14. h4 b4 15. Na4 c5 16. d5 g6 17. g5 hxg5 18. hxg5 Nh7 19. Bh3 $14 {1/2-1/2
Vyzmanavin,A-Nielsen,P/Cheliabinsk 1991 (47)}) (11. Rg1 a6 (11... Nb6 12. h3
Bd7 13. g4 exd4 14. exd4 O-O-O 15. Re1 Qf8 16. Bd3 Re8 17. Nd2 Rxe1+ 18. Rxe1
Kb8 19. f4 $14 {1-0 Christiansen,L-Casper,T/Germany 1994 (47)}) 12. g4 e4 13.
Nd2 d5 14. Qb3 Qd6 15. g5 hxg5 16. Rxg5 Rxh2 17. cxd5 cxd5 18. Nxd5 b5 (18...
Nxd5 19. Rxd5 Qe7 20. f3 $14) 19. Nc3 {[%csl Re4,Rg7]} Kf8 20. Ndxe4 $18 Nxe4
21. Nxe4 Qc6+ 22. Nc3 Rxf2 23. Qb4+ Kg8 24. Bd3 Nf6 25. Rdg1 Bg4 26. e4 Rd8 27.
Kb1 a5 28. Qxa5 Rxd4 29. Nd5 Qe8 30. Qc3 Rxd5 31. exd5 Rf4 32. R1xg4 {1-0
Topalov,V-Sorin,A/Benidorm 1992 (32)}) 11... O-O 12. h3 ({Aktiver spielte der
große Tal gegen Casper:} 12. g4 $5 Nxg4 13. Rhg1 Ndf6 14. h3 e4 15. Nxe4 Nxe4
16. Bxe4 $2 (16. hxg4 $1 $14) 16... Nxf2 17. Qxf2 Qxe4 $15 18. Nd2 Qe6 19. Qg3
g6 20. e4 b5 $15 {1/2-1/2 Tal,M-Casper,T/Jurmala 1987 (31)}) 12... Re8 13. dxe5
dxe5 14. Ne4 $11 Nxe4 15. Bxe4 Nc5 (15... Nf6 16. g4 (16. Bf5 Bxf5 17. Qxf5 e4
$15) 16... Nxe4 17. Qxe4 {cf. Partie}) 16. g4 Nxe4 17. Qxe4 Qc5 18. Rd2 b5 (
18... Be6 $5 19. Rc2 (19. Nxe5 Bd5 $1 20. Qf4 $1 Bxh1 $1 ({Noch stärker als} 
20... Rxe5 21. Qxe5 Qxc4+ 22. Rc2 Qxa2 $17) 21. Qxf7+ Kh8 $19) 19... Qb4 20. a3
Qf8 21. Nxe5 $6 f6 22. Nf3 f5 $1 23. Qf4 fxg4 24. Qxf8+ Rxf8 25. Nd4 Bd7 26.
hxg4 Bxg4 $15) 19. Rc2 bxc4 20. Qxc4 Qa5 21. a3 (21. Qxc6 $2 Be6 $19 {[%csl
Ra2,Rf3,Rh1][%cal Ge6d5,Ga8c8]}) 21... Be6 22. Qe2 Red8 23. Rc3 Rab8 24. Rd1
Rxd1+ 25. Qxd1 Qb5 (25... Qb6 $1 $15 {und jetzt geht} 26. b4 a5 $17 {nicht für
Weiß.}) 26. b4 $1 {Wahrscheinlich hat Schwarz nicht mit diesem offensichtlich
riskanten Zug gerechnet.} Rb7 ({Trotzdem hier} 26... a5 $5 {z.B.} 27. Rc5 Qa6
28. Rxa5 Qc4+ 29. Qc2 Qf1+ 30. Kb2 f6 $13) 27. Qd3 Qxd3 $6 {Der weiße König
steht weniger sicher als sein schwarzer Kollege, also hätte Schwarz besser
nicht selbst getauscht. Mit den isolierten Damenflügelbauern steht das
Endspiel etwas schlechter für Schwarz, also hätte er besser etwa} (27... f6 {
gezogen, weil nach} 28. Qxb5 cxb5 {die Bauernstellung repariert ist, und die
Stellung völlig gleich.}) 28. Rxd3 $14 {Jetzt hat Weiß den Vorteil.} f6 {
[%csl Ra7,Rc6]} 29. Nd2 {[%csl Rb7,Re6][%cal Gd2e4,Ge4c5]} Bd5 30. e4 Be6 (
30... Ba2 31. Kb2 Bf7) 31. Rd6 {[%csl Rc6,Re6]} Kf7 $5 ({Eine aktive Lösung.
Mit} 31... Bd7 {kann Schwarz zwar den Bauer behalten, aber er geratet dann in
völler Passivität nach} 32. Nb3 Be8 33. Nc5 Rc7 34. Kd2 $16) 32. Rxc6 h5 33. f3
h4 {Ein logisches Rezept: weiße Bauern auf der Farbe des Läufers festlegen.}
34. Kc2 Bd7 35. Rc5 Bb5 36. Nc4 {[%csl Rb7,Rf7][%cal Gc4d6] "Alle
Turmendspiele sind Remis", aber das will Weiß - mit Mehrbauer - sich noch mal
beweisen lassen.} Kg6 37. Kd3 (37. Nd6 Ba4+) (37. Kb3) 37... a6 38. Ke3 Rd7 39.
a4 Bxc4 (39... Bxa4 $2 40. Nb6 $18) 40. Rxc4 Rd1 {Natürlich muss der
Verteidiger aktiv vorgehen und Weiß von hinten angreifen.} 41. b5 (41. Rc6 Rb1
42. Rb6 Rb3+ $11) 41... axb5 42. axb5 Rb1 {Schwarz hat die ideale
Verteidigungsaufstellung erreicht und sollte nicht verlieren müssen.} 43. Rc5
Rb3+ 44. Kd2 Kg5 45. Kc2 Rb4 46. Kc3 Rb1 47. Kc2 {Weiß will nicht einst
versuchen auf Gewinn zu spielen und begnügt sich mit Zugwiederholung. Eine
plausible Alternative wäre:} (47. Kc4 Kf4 48. Kd5 Kxf3 49. Kc6 Kxe4 50. b6 Kf3
51. b7 Rxb7 52. Kxb7 e4 53. Rc7 e3 54. Rxg7 e2 55. Re7 Kf2 56. Kc6 e1=Q 57.
Rxe1 Kxe1 58. Kd5 Kf1 59. Ke6 Kg2 60. Kxf6 Kxh3 61. g5 Kg2 62. g6 h3 63. g7 h2
64. g8=Q+ Kf2 $11) 47... Rb4 48. Kc3 Rb1 49. Kc2 1/2-1/2

[Event "Santa Monica"]
[Site "Santa Monica"]
[Date "2004.05.18"]
[Round "8"]
[White "Young, Angelo"]
[Black "Stein, Alex"]
[Result "1-0"]
[WhiteElo "2390"]
[BlackElo "2316"]
[Annotator "Meulders,R"]
[PlyCount "48"]
[EventDate "2004.05.11"]
[EventType "tourn"]
[EventRounds "9"]
[EventCountry "USA"]
[EventCategory "9"]
[SourceTitle "CBM 102"]
[Source "ChessBase"]
[SourceDate "2004.09.23"]
[SourceVersion "1"]
[SourceVersionDate "2004.09.23"]
[SourceQuality "1"]

1. Nf3 Nf6 2. c4 d6 3. Nc3 e5 4. d4 Nbd7 5. g3 c6 6. Bg2 Be7 7. O-O O-O 8. Qc2
Qc7 9. b3 Re8 10. Bb2 a5 $6 {Weil Weiß schon b3 gespielt hat, ist der Zweck
dieses Zuges mir nicht klar.} (10... Nf8 11. Rfd1 Bd7 12. Rac1 Rad8 $11) 11. e3
Nf8 12. h3 exd4 13. Nxd4 g6 14. Rad1 Bd7 15. Rfe1 h6 16. Kh2 N8h7 17. f4 Bf8
18. e4 b5 $4 {Prinzipiell sollte der weniger entwickelte Spieler das Spiel
nicht öffnen. Hier gibt es eine sofortige und leichte Bestrafung.} (18... Bg7)
19. cxb5 cxb5 20. e5 {[%cal Gg2a8,Ge5f6] Mit einfachem Gewinn.} dxe5 21. fxe5
b4 (21... Rac8 22. exf6 b4 23. Bd5 $1 {[%csl Rg6][%cal Gd5g8,Gc2g6]} bxc3 24.
Qxg6+ Kh8 25. Bxf7 Nxf6 26. Bxe8 Bxe8 27. Qxf6+ Bg7 28. Rxe8+ Rxe8 29. Qg6 Re3
30. Bc1 Rxg3 31. Qe8+ Kh7 32. Qe4+ Rg6+ 33. Bf4 Qb6 34. Rg1 Bxd4 35. Rxg6 Qxg6
36. Qxd4 Qc2+ 37. Kg3 Qg6+ 38. Kh4 c2 39. Qd7+ Kh8 40. Qc7 $18) 22. Ne4 Qxc2
23. Nxf6+ Nxf6 24. Nxc2 Rac8 (24... Rac8 25. Ne3 $1 Bc6 26. exf6 Rxe3 27. Rxe3
Bxg2 28. Kxg2 Rc2+ 29. Kf3 Rxb2 30. Re2 Rxe2 31. Kxe2 $18) 1-0